<?xml version="1.0" encoding="UTF-8"?>
<collection xmlns="http://www.loc.gov/MARC21/slim">
 <record>
  <leader>02298nam a2200361 i 4500</leader>
  <controlfield tag="001">elibro.ELB95393</controlfield>
  <controlfield tag="003">FINmELB</controlfield>
  <controlfield tag="005">20240206121057.0</controlfield>
  <controlfield tag="006">m     o  u        </controlfield>
  <controlfield tag="007">cr cn|||||||||</controlfield>
  <controlfield tag="008">240206s2015    sp      ob    000 0 spa d</controlfield>
  <datafield tag="040" ind1=" " ind2=" ">
   <subfield code="a">FINmELB</subfield>
   <subfield code="b">spa</subfield>
   <subfield code="e">rda</subfield>
   <subfield code="c">FINmELB</subfield>
  </datafield>
  <datafield tag="050" ind1=" " ind2="4">
   <subfield code="a">DP66</subfield>
   <subfield code="b">.M869 2015</subfield>
  </datafield>
  <datafield tag="080" ind1=" " ind2=" ">
   <subfield code="a">94(460)</subfield>
  </datafield>
  <datafield tag="082" ind1="0" ind2="4">
   <subfield code="a">946</subfield>
   <subfield code="2">23</subfield>
  </datafield>
  <datafield tag="100" ind1="1" ind2=" ">
   <subfield code="a">Muñoz Sánchez, Fernando,</subfield>
   <subfield code="e">autor.</subfield>
  </datafield>
  <datafield tag="245" ind1="1" ind2="3">
   <subfield code="a">La provincia Franciscana de Burgos en la Edad Moderna :</subfield>
   <subfield code="b">historia y representación /</subfield>
   <subfield code="c">Fernando Muñoz Sánchez ; director de la tesis: Ángela Atienza López.</subfield>
  </datafield>
  <datafield tag="264" ind1=" " ind2="1">
   <subfield code="a">[Logroño] :</subfield>
   <subfield code="b">Universidad de La Rioja,</subfield>
   <subfield code="c">[2015]</subfield>
  </datafield>
  <datafield tag="300" ind1=" " ind2=" ">
   <subfield code="a">1 recurso en línea</subfield>
  </datafield>
  <datafield tag="336" ind1=" " ind2=" ">
   <subfield code="a">texto</subfield>
   <subfield code="b">txt</subfield>
   <subfield code="2">rdacontent/spa</subfield>
  </datafield>
  <datafield tag="337" ind1=" " ind2=" ">
   <subfield code="a">computadora</subfield>
   <subfield code="b">c</subfield>
   <subfield code="2">rdamedia/spa</subfield>
  </datafield>
  <datafield tag="338" ind1=" " ind2=" ">
   <subfield code="a">recurso en línea</subfield>
   <subfield code="b">cr</subfield>
   <subfield code="2">rdacarrier/spa</subfield>
  </datafield>
  <datafield tag="502" ind1=" " ind2=" ">
   <subfield code="a">Tesis (Doctorado)--Universidad de La Rioja, 2015.</subfield>
  </datafield>
  <datafield tag="504" ind1=" " ind2=" ">
   <subfield code="a">Incluye bibliografía.</subfield>
  </datafield>
  <datafield tag="520" ind1=" " ind2=" ">
   <subfield code="a">La provincia franciscana de Burgos fue uno de los distritos del franciscanismo observante en la España de los tiempos del Antiguo Régimen, dentro del gran mosaico conventual que la orden mendicante constituyó desde el siglo XIII. Su huella histórica quedaría impresa a través de centros erigidos en más de veinte localidades de las actuales regiones de Burgos, La Rioja, Navarra y Soria. Centrándose en dicha demarcación provincial, este trabajo de investigación se proponía el objetivo de recuperar toda la producción de carácter historiográfico que se escribió sobre ella en el contexto del período barroco, interpretándola dentro del marco más amplio que formaron como género literario las crónicas e historias sobre las distintas órdenes religiosas, compuestas entre los siglos XVI y XVIII.</subfield>
  </datafield>
  <datafield tag="588" ind1=" " ind2=" ">
   <subfield code="a">Descripción basada en metadatos suministrados por el editor y otras fuentes.</subfield>
  </datafield>
  <datafield tag="590" ind1=" " ind2=" ">
   <subfield code="a">Recurso electrónico. Santa Fe, Arg.: elibro, 2024. Disponible vía World Wide Web. El acceso puede estar limitado para las bibliotecas afiliadas a elibro.</subfield>
  </datafield>
  <datafield tag="650" ind1=" " ind2="4">
   <subfield code="a">Franciscanos</subfield>
   <subfield code="z">España</subfield>
   <subfield code="z">Burgos</subfield>
   <subfield code="x">Historia.</subfield>
  </datafield>
  <datafield tag="651" ind1=" " ind2="4">
   <subfield code="a">Burgos (España : Provincia)</subfield>
   <subfield code="x">Historia.</subfield>
  </datafield>
  <datafield tag="655" ind1=" " ind2="4">
   <subfield code="a">Tesis.</subfield>
  </datafield>
  <datafield tag="700" ind1="1" ind2=" ">
   <subfield code="a">Atienza López, Ángela,</subfield>
   <subfield code="e">director de la tesis.</subfield>
  </datafield>
  <datafield tag="797" ind1="2" ind2=" ">
   <subfield code="a">elibro, Corp.</subfield>
  </datafield>
  <datafield tag="856" ind1="4" ind2="0">
   <subfield code="u">https://elibro.net/ereader/unsbiblio/95393</subfield>
  </datafield>
 </record>
</collection>
